Federalism in India: origins and development (Record no. 349602)

000 -LEADER
fixed length control field 00432cam a22001457a 4500
008 - FIXED-LENGTH DATA ELEMENTS--GENERAL INFORMATION
fixed length control field 180718b1992 xxu||||| |||| 00| 0 eng d
082 ## - DEWEY DECIMAL CLASSIFICATION NUMBER
Classification number B263x54 M896
245 ## - TITLE STATEMENT
Title Federalism in India: origins and development
Statement of responsibility, etc. edited by Nirmal Mukarji and Balveer Arora
260 ## - PUBLICATION, DISTRIBUTION, ETC.
Place of publication, distribution, etc. New Delhi
Name of publisher, distributor, etc. Vikas
Date of publication, distribution, etc. 1992
300 ## - PHYSICAL DESCRIPTION
Extent 297p.
650 ## - SUBJECT ADDED ENTRY--TOPICAL TERM
Topical term or geographic name entry element (Written off)
650 ## - SUBJECT ADDED ENTRY--TOPICAL TERM
Topical term or geographic name entry element Federalism - India
700 ## - ADDED ENTRY--PERSONAL NAME
Personal name Arora, Balveer
700 ## - ADDED ENTRY--PERSONAL NAME
Personal name Mukarji, Nirmal
Holdings
Withdrawn status Lost status Damaged status Not for loan Permanent Location Current Location Date acquired Full call number Barcode Date last seen Price effective from Koha item type
        Indian Institute of Public Administration Indian Institute of Public Administration 1993-11-01 B263x54 M896 66041 2018-07-21 2018-07-21 Book

Powered by Koha